Préfectures de France : Châteauroux - Statistiques

Statistiques générales
  • Ce quiz a été pris 20 fois
  • Le résultat moyen est 11 sur 24
Statistiques - réponses
Question Réponse % Correct
Quel numéro porte celui-ci ? 36
100%
De quel département est-ce la préfecture ? Indre
100%
A quelle région administrative appartient la ville depuis 2015 ? Centre-Val-de-Loire
90%
Quelles sont les sous-préfectures qui en dépendent ? Issoudun
80%
Comment se nomment ses habitants ? Castelroussins
75%
La couleur principale du fond du blason est l'/le/la Bleu
70%
Cette ville est plus ancienne sur le site de Châteauroux Déols
70%
Quelles sont les sous-préfectures qui en dépendent ? La Châtre
65%
Quelles sont les sous-préfectures qui en dépendent ? Le Blanc
65%
La ville appartient à l'académie de/d' Orléans-Tours
65%
A quelle couleur, présente sur le blason de Châteauroux, correspond le terme "de gueules" en héraldique Rouge
60%
Comment appelle-t-on le bâtiment figurant sur le blason ? Château
55%
Les communes limitrophes outre celle déjà citée sont Saint-Maur
50%
Les communes limitrophes outre celle déjà citée sont Le Poinçonnet
45%
La ville appartient à l'archidiocèse de/d' Bourges
40%
Le 1er baron de Châteauroux se prénommait Raoul
30%
Des collections napoléoniennes sont visibles au musée Bertrand
25%
Quelle discipline olympique dispute ses épreuves près de Châteauroux lors des JO de 2024 Tir sportif
20%
Les communes limitrophes outre celle déjà citée sont Etrechet
15%
Quel humoriste incarne un fakir venu de Châeauroux ? (prénom et nom) Pierre Dac
10%
La principale église est dédiée à St André
10%
Pendant la Révolution, la ville a porté deux noms différents, citez-en un Indreville | Indrelibre
5%
L'imprimeur et inventeur de l'indicateur horaire des trains est né dans la ville, il se nommait (nom) Chaix
0%
Outre l'Indre la ville est arrosée par le/la Ringoire
0%
Aucun quiz correspondant
Distribution des résultats
% des personnes avec chaque résultat
Percentile par nombre de réponses
Votre historique - résultats
Vous n’avez pas pris ce quiz